|
|
|
|
| LEADER |
00000nab a2200000 a 4500 |
| 001 |
vtls000744816 |
| 003 |
SK-MaSNL |
| 005 |
20260319074345.0 |
| 008 |
160321c2000 xo 0 hun |
| 015 |
|
|
|a SNBRB2001/01-03702
|
| 035 |
|
|
|a CLN000096652
|
| 040 |
|
|
|a SNKBUCL
|b slo
|c SNKBUCL
|e AACR2
|
| 041 |
0 |
|
|a hun
|
| 044 |
|
|
|a xo
|c SK
|
| 080 |
|
|
|a 39-051
|2 UDC-MRF-SK2
|
| 100 |
1 |
|
|a Bertha, Éva,
|d 1955-
|4 ivr
|4 aut
|9 845062
|
| 245 |
1 |
0 |
|a Múltfaggatóból jövőkémlelő is lehetek-
|b beszélgetés Erdélyi Zsuzsanna néprajzkutatóval
|c [beszélgetett] Bertha Éva
|
| 300 |
|
|
|b Obr.
|
| 600 |
1 |
7 |
|a Erdélyi, Zsuzsanna,
|d 1921-2015
|2 snkbucl
|9 161000
|
| 655 |
|
7 |
|a články z novín a časopisov
|2 snkbucl
|9 267496
|
| 700 |
1 |
|
|a Erdélyi, Zsuzsanna,
|d 1921-2015
|4 ive
|4 aut
|9 161000
|
| 773 |
0 |
|
|t Remény
|g Roč. 11, č. 52-53 (2000), s. 13
|
| 850 |
|
|
|a Slovenská národná knižnica v Martine
|
| 852 |
|
|
|a SNK
|b KIS3GCP
|
| 958 |
|
|
|a HU
|
| 958 |
|
|
|a BC
|
| 999 |
|
|
|c 1442213
|d 1444143
|